The treatment of mycosis with imidazole derivatives /

Bibliographic Details
Main Author: Raab, Wolfgang
Format: Book
Language:English
German
Published: Berlin ; New York : Springer-Verlag, 1980.
Subjects:

MARC

Tag First Indicator Second Indicator Subfields
LEADER 00000cam a2200000 a 4500
001 in00000655083
005 20151015071011.0
008 791031s1980 wb a b 00110 engm
010 |a  79024361  
019 |a 6524451 
020 |a 0387098003 (pbk.) 
020 |a 3540098003 
035 |a (OCoLC)05706913 
035 |9 ACW7651AM 
040 |a DLC  |c DLC  |d m.c.  |d SMC  |d TXA  |d UtOrBLW 
041 1 |a eng  |a ger 
049 |a TXAM  |c [385428] 
050 0 0 |a RC117  |b .R313 
060 0 |a WC 450 R111m 1980a 
082 0 |a 619.9/69/061 
100 1 |a Raab, Wolfgang. 
240 1 0 |a Mykosebehandlung mit Imidazolderivaten.  |l English 
245 1 4 |a The treatment of mycosis with imidazole derivatives /  |c Wolfgang P.E. Raab ; foreword by A.M. Kligman ; translated by T.C. Telger. 
264 1 |a Berlin ;  |a New York :  |b Springer-Verlag,  |c 1980. 
300 |a xvi, 157 pages :  |b illustrations ;  |c 24 cm. 
336 |a text  |b txt  |2 rdacontent 
337 |a unmediated  |b n  |2 rdamedia 
338 |a volume  |b nc  |2 rdacarrier 
500 |a Translation of: Mykosebehandlung mit Imidazolderivaten. 
500 |a Includes index. 
504 |a Bibliography: pages 136-152. 
650 0 |a Mycoses  |x Chemotherapy. 
650 0 |a Imidazoles  |x Therapeutic use. 
650 0 |a Antifungal agents. 
650 2 |a Dermatomycoses  |x drug therapy. 
650 2 |a Imidazoles  |x pharmacology. 
650 2 |a Imidazoles  |x therapeutic use. 
650 2 |a Mycoses  |x drug therapy. 
999 |a MARS 
999 f f |s d842e207-2d53-3a8b-a279-982580cea7ea  |i bcb52b7a-e08d-37c4-8b6a-e47f21c3dc95  |t 0 
952 f f |p ric  |a Texas A&M University  |b Rellis Campus  |c Joint Library Facility  |d Remote Storage  |t 0  |e RC117 .R313  |h Library of Congress classification  |i unmediated -- volume  |m A14805090992 
998 f f |a RC117 .R313  |t 0  |l Remote Storage